Alex Verus. III., Zmizelí /
Ve třetím díle fantasy série musí mág Alex Verus čelit případu ohrožených čarodějnických učedníků.
Uloženo v:
| Série: | Alex Verus,
část 3 |
|---|---|
| Hlavní autor: | |
| Další autoři: | |
| Médium: | E-kniha |
| Jazyk: | Czech |
| Vydáno: |
Ostrava :
Fantom Print,
2021
|
| Vydání: | 1. vydání |
| Témata: | |
| Příbuzné jednotky: | Z cyklu::
Alex Verus |
| Tagy: |
Žádné tagy |
| LEADER | 02196nam a2200457 i 4500 | ||
|---|---|---|---|
| 001 | 311312 | ||
| 003 | CZ PrSKC | ||
| 005 | 20260601215703.0 | ||
| 007 | ta | ||
| 008 | 210518s2021 xr g 000 f cze | ||
| 015 | |a cnb003325048 | ||
| 020 | |a 9788075940797 |q (brožováno) | ||
| 035 | |a (OCoLC)1267680117 | ||
| 040 | |a ABG001 |b cze |e rda | ||
| 041 | 1 | |a cze |h eng | |
| 072 | 7 | |a 821.111-3 |x Anglická próza, anglicky psaná |2 Konspekt | |
| 080 | |a 821.111-31 |2 MRF | ||
| 080 | |a (0:82-312.9) |2 MRF | ||
| 100 | 1 | |a Jacka, Benedict, |d 1980- |7 xx0245362 |4 aut | |
| 240 | 1 | 0 | |a Taken. |l Česky |
| 245 | 1 | 0 | |a Alex Verus. |n III., |p Zmizelí / |c Benedict Jacka ; překlad Kateřina Niklová |
| 246 | 3 | 0 | |a Zmizelí |
| 250 | |a 1. vydání | ||
| 264 | 1 | |a Ostrava : |b Fantom Print, |c 2021 | |
| 300 | |a 319 stran ; |c 21 cm | ||
| 336 | |a text |b txt |2 rdacontent | ||
| 337 | |a bez média |b n |2 rdamedia | ||
| 338 | |a svazek |b nc |2 rdacarrier | ||
| 500 | |a Přeloženo z angličtiny | ||
| 520 | 2 | |a Ve třetím díle fantasy série musí mág Alex Verus čelit případu ohrožených čarodějnických učedníků. |b Beze stopy mizí učedníci mágů - a někdo z Rady by v tom mohl mít prsty. Alex Verus nemá žádné důkazy, žádné svědky a žádné podezřelé. Ví jen, že ho někdo sleduje. A poté, co na spolužačku jeho vlastní učednice zaútočí zabijáci, Alex pochopí, že toho ještě hodně neví - a že by mohl zmizet stejně jako ostatní... Nakladatelská anotace. | |
| 655 | 7 | |a anglické romány |7 fd131814 |2 czenas | |
| 655 | 7 | |a fantasy romány |7 fd184199 |2 czenas | |
| 655 | 9 | |a English fiction |2 eczenas | |
| 655 | 9 | |a fantasy novels |2 eczenas | |
| 700 | 1 | |a Niklová, Kateřina, |d 1979- |7 xx0038698 |4 trl | |
| 787 | 0 | 8 | |i Z cyklu: |t Alex Verus |g 3 |
| 900 | |a ABA001 |b 20 | ||
| 044 | |a xr | ||
| 910 | |a RBIT002 | ||
| 998 | |d 316726 |a https://core.palmknihy.cz/api/books/316726/cover?si7ypb |b https://core.palmknihy.cz/api/books/316726/cover/400?si7ypb |c https://core.palmknihy.cz/api/books/316726/cover/50?si7ypb |e 2030-12-31 |g 320 |i 9788075940797 |j https://core.palmknihy.cz/api/books/316726/preview.epub |l |q 49 |r 1 |s https://www.palmknihy.cz/kniha/316726 |t ebook |y 2021 |z 0 |v Alex Verus |w 3 | ||
| 999 | |d 311310 | ||